A proud profession : memoirs of a Wall Street Journal reporter, editor, and publisher /

Bibliographic Details
Main Author: Kerby, William F.
Format: Book
Language:English
Published: Homewood, Ill. : Dow Jones-Irwin, 1981.
Subjects:

MARC

Tag First Indicator Second Indicator Subfields
LEADER 00000cam a2200000 a 4500
001 in00000089557
005 20151008065416.0
008 810930s1981 ilu 00010aeng
010 |a  80070438  
020 |a 0870942352 :  |c $12.95 
035 |a (OCoLC)07946023 
035 |9 AAK5895AM 
039 0 |a 2  |b 3  |c 3  |d 3  |e 3 
040 |a DLC  |c DLC  |d TXA  |d UtOrBLW 
043 |a n-us--- 
049 |a TXAM  |c [388290] 
050 0 0 |a PN4874.K48  |b A37 
082 0 |a 070/.92/4  |a B  |2 19 
100 1 |a Kerby, William F. 
245 1 2 |a A proud profession :  |b memoirs of a Wall Street Journal reporter, editor, and publisher /  |c William F. Kerby. 
264 1 |a Homewood, Ill. :  |b Dow Jones-Irwin,  |c 1981. 
300 |a xi, 214 pages ;  |c 24 cm. 
336 |a text  |b txt  |2 rdacontent 
337 |a unmediated  |b n  |2 rdamedia 
338 |a volume  |b nc  |2 rdacarrier 
600 1 0 |a Kerby, William F. 
630 0 0 |a Wall Street journal. 
650 0 |a Journalists  |z United States  |v Biography. 
999 |a MARS 
999 f f |s e75bf2e2-6648-3fd9-ac72-c1d5b682b6bd  |i f07b4c14-7aee-3b1a-8666-2ceaa9bced27  |t 0 
952 f f |p ric  |a Texas A&M University  |b Rellis Campus  |c Joint Library Facility  |d Remote Storage  |t 0  |e PN4874.K48 A37  |h Library of Congress classification  |i unmediated -- volume  |m A14843005829 
998 f f |a PN4874.K48 A37  |t 0  |l Remote Storage